[Event "Paleochora op 12th"]
[Site "Paleochora"]
[Date "2019.07.16"]
[Round "5"]
[White "Sadhwani, Raunak"]
[Black "Rahmanidis, Petros"]
[Result "1/2-1/2"]
[WhiteElo "2477"]
[BlackElo "2207"]
[PlyCount "214"]
[EventDate "2019.07.13"]
[EventType "swiss"]
[EventRounds "9"]
[EventCountry "GRE"]
[SourceTitle "EXT 2020"]
[Source "ChessBase"]
[SourceDate "2019.10.17"]
[SourceVersion "1"]
[SourceVersionDate "2019.10.17"]
[SourceQuality "1"]

1. e4 c5 2. Nf3 d6 3. d4 cxd4 4. Nxd4 Nf6 5. Nc3 Nc6 6. Bg5 e6 7. Qd2 a6 8. 0-0-0 Bd7 9. f4 b5 10. Bxf6 gxf6 11. Kb1 Qb6 12. Nce2 h5 13. h4 0-0-0 14. Rh3 Na5 15. Rd3 Kb8 16. Qe1 Be7 17. f5 e5 18. Nb3 Nc4 19. Nc3 Bc6 20. Rf3 Rhg8 21. g3 Rc8 22. Bxc4 bxc4 23. Nd2 Qc5 24. Qe2 Bb7 25. Nf1 Rg4 26. Nd5 Bd8 27. Nh2 Rg8 28. Re3 Ka8 29. Nf1 Rb8 30. Rc3 Qb5 31. Qxc4 Qxb2+ 32. Kxb2 Bxd5+ 33. Qb3 Bxb3 34. axb3 Bb6 35. Rc6 Bc5 36. Rxa6+ Kb7 37. Ra4 Rg4 38. c3 Kc6 39. Rd2 Rb7 40. Kc2 Ra7 41. Rxa7 Bxa7 42. Kd3 Bb6 43. Rg2 d5 44. exd5+ Kxd5 45. Ra2 e4+ 46. Ke2 Rg8 47. Ra6 Kc6 48. Ra4 Kd5 49. c4+ Kd4 50. Nd2 e3 51. Ne4 Kxe4 52. c5+ Kd5 53. cxb6 Kc6 54. Ra7 Kxb6 55. Rxf7 Kc5 56. Rxf6 Rxg3 57. Kd3 e2+ 58. Kxe2 Rxb3 59. Re6 Kd5 60. Re8 Kd4 61. f6 Rb2+ 62. Kf3 Rb6 63. Kf4 Rxf6+ 64. Kg5 Rf1 65. Kxh5 Rg1 66. Re6 Rg8 67. Rg6 Rf8 68. Kh6 Rh8+ 69. Kg5 Ke5 70. h5 Rf8 71. Ra6 Rg8+ 72. Rg6 Rf8 73. Rg7 Ke6 74. h6 Rf1 75. Kg6 Rg1+ 76. Kh7 Ra1 77. Kh8 Kf6 78. Kg8 Ra8+ 79. Kh7 Ra1 80. Kh8 Rb1 81. Kg8 Rb8+ 82. Kh7 Rb2 83. Rg6+ Kf7 84. Rg4 Rf2 85. Ra4 Rf6 86. Ra8 Rf1 87. Ra6 Rg1 88. Ra7+ Kf8 89. Ra5 Kf7 90. Rf5+ Ke7 91. Rf2 Rg3 92. Kh8 Rg1 93. h7 Rg3 94. Ra2 Kf7 95. Ra8 Rg1 96. Rg8 Ra1 97. Rg7+ Kf8 98. Rg5 Rf1 99. Rg4 Rf2 100. Rg7 Rf1 101. Rb7 Rg1 102. Rb2 Rf1 103. Rb5 Rf2 104. Rg5 Rf1 105. Rg8+ Kf7 106. Rb8 Rg1 107. Rb4 Rf1 1/2-1/2

[Event "Thessaloniki Vardaris op 5th"]
[Site "Thessaloniki"]
[Date "2019.03.11"]
[Round "7"]
[White "Drazic, Sinisa"]
[Black "Rahmanidis, Petros"]
[Result "1-0"]
[WhiteElo "2370"]
[BlackElo "2112"]
[PlyCount "67"]
[EventDate "2019.03.07"]
[EventType "swiss"]
[EventRounds "7"]
[EventCountry "GRE"]
[SourceTitle "CBM 189 Extra"]
[Source "ChessBase"]
[SourceDate "2019.06.03"]
[SourceVersion "1"]
[SourceVersionDate "2019.06.03"]
[SourceQuality "1"]

1. d4 Nf6 2. c4 g6 3. Nc3 Bg7 4. Nf3 0-0 5. h3 d6 6. Bf4 Nfd7 7. e3 e5 8. Bh2 Nc6 9. Be2 f5 10. 0-0 e4 11. Nd2 Re8 12. Rb1 Nf6 13. b4 g5 14. Qc2 Ne7 15. d5 Ng6 16. c5 a6 17. cxd6 cxd6 18. b5 f4 19. bxa6 bxa6 20. Ncxe4 Nxe4 21. Nxe4 Bf5 22. f3 fxe3 23. Qc6 Nf4 24. Bxf4 gxf4 25. Nxd6 Bxb1 26. Nxe8 Bxa2 27. Nxg7 Kxg7 28. Rd1 Rb8 29. Qxa6 Bxd5 30. Qa7+ Kg6 31. Qd4 Bxf3 32. Qxf4 Bxe2 33. Rd6+ Kg7 34. Rxd8 1-0

[Event "Thessaloniki Vardaris op 5th"]
[Site "Thessaloniki"]
[Date "2019.03.10"]
[Round "5"]
[White "Rahmanidis, Petros"]
[Black "Halkias, Stelios"]
[Result "1/2-1/2"]
[WhiteElo "2112"]
[BlackElo "2552"]
[PlyCount "80"]
[EventDate "2019.03.07"]
[EventType "swiss"]
[EventRounds "7"]
[EventCountry "GRE"]
[SourceTitle "CBM 189 Extra"]
[Source "ChessBase"]
[SourceDate "2019.06.03"]
[SourceVersion "1"]
[SourceVersionDate "2019.06.03"]
[SourceQuality "1"]

1. e4 e5 2. Nf3 Nc6 3. Bc4 Nf6 4. d3 h6 5. 0-0 d6 6. a4 g6 7. Re1 Bg7 8. c3 0-0 9. a5 a6 10. Nbd2 Kh8 11. Nf1 Nh7 12. g3 Bh3 13. Ne3 Qd7 14. b4 Ne7 15. Qb3 Be6 16. d4 exd4 17. Nxd4 Bxc4 18. Qxc4 Rae8 19. h4 Nf6 20. Nec2 Nc6 21. Nxc6 Qxc6 22. Qxc6 bxc6 23. f3 Nd7 24. Ra3 f5 25. exf5 gxf5 26. Kg2 Ne5 27. Nd4 Nc4 28. Rxe8 Rxe8 29. Ra2 Re1 30. Bf4 Bxd4 31. cxd4 Kg7 32. Rc2 d5 33. Kh3 h5 34. Bxc7 Rb1 35. Re2 Kf7 36. Bd8 Rxb4 37. Re7+ Kf8 38. Ra7 Rb1 39. Bg5 Nxa5 40. Rxa6 Nb3 1/2-1/2

[Event "Thessaloniki Vardaris op 5th"]
[Site "Thessaloniki"]
[Date "2019.03.09"]
[Round "3"]
[White "Malikentzos, Sotirios"]
[Black "Rahmanidis, Petros"]
[Result "0-1"]
[WhiteElo "2450"]
[BlackElo "2112"]
[PlyCount "118"]
[EventDate "2019.03.07"]
[EventType "swiss"]
[EventRounds "7"]
[EventCountry "GRE"]
[SourceTitle "CBM 189 Extra"]
[Source "ChessBase"]
[SourceDate "2019.06.03"]
[SourceVersion "1"]
[SourceVersionDate "2019.06.03"]
[SourceQuality "1"]

1. Nf3 d6 2. d4 Nf6 3. g3 g6 4. Bg2 Bg7 5. 0-0 0-0 6. b3 a5 7. c4 Nfd7 8. Nc3 Na6 9. Bb2 e5 10. e3 f5 11. Qd2 e4 12. Ne1 Nf6 13. f3 Re8 14. Rd1 d5 15. cxd5 Nb4 16. fxe4 fxe4 17. Nc2 Nbxd5 18. Nxd5 Nxd5 19. Rf2 Qg5 20. Rdf1 Bf5 21. Bc1 h5 22. Na3 Bh6 23. Qe2 Kg7 24. Qb5 Rad8 25. Nc4 Rh8 26. Ne5 h4 27. g4 Bxg4 28. Nf7 Qh5 29. Nxd8 Rxd8 30. Rf7+ Kg8 31. h3 Bf5 32. R7xf5 gxf5 33. Qxb7 Bxe3+ 34. Bxe3 Nxe3 35. Qxc7 Qg5 36. Rf2 Rxd4 37. Kh2 Rd3 38. Qb8+ Kh7 39. Qc7+ Kh6 40. Re2 Nd5 41. Qc6+ Kh7 42. Qd7+ Ne7 43. Qc7 Qg3+ 44. Qxg3 hxg3+ 45. Kg1 Rd1+ 46. Bf1 Nd5 47. Kg2 Nf4+ 48. Kxg3 Nxe2+ 49. Bxe2 Rd2 50. Bh5 Kh6 51. Bf7 Rxa2 52. h4 Kg7 53. Bc4 Kf6 54. Bb5 Ra3 55. Ba4 Rxa4 56. bxa4 Kg6 57. Kf4 Kh5 58. Kg3 e3 59. Kf3 f4 0-1

[Event "Thessaloniki Vardaris op 5th"]
[Site "Thessaloniki"]
[Date "2019.03.09"]
[Round "4"]
[White "Rahmanidis, Petros"]
[Black "Nomin Erdene, Davaademberel"]
[Result "1/2-1/2"]
[WhiteElo "2112"]
[BlackElo "2389"]
[PlyCount "120"]
[EventDate "2019.03.07"]
[EventType "swiss"]
[EventRounds "7"]
[EventCountry "GRE"]
[SourceTitle "CBM 189 Extra"]
[Source "ChessBase"]
[SourceDate "2019.06.03"]
[SourceVersion "1"]
[SourceVersionDate "2019.06.03"]
[SourceQuality "1"]

1. e4 e6 2. Qe2 Ne7 3. Nf3 d5 4. d3 b6 5. e5 c5 6. g3 Bb7 7. Bg2 h6 8. h4 g6 9. Bf4 Bg7 10. c3 Nd7 11. Na3 a6 12. Nc2 Qc7 13. Kf1 Bc6 14. Kg1 Qb7 15. d4 b5 16. b4 cxd4 17. cxd4 Nc8 18. Nfe1 Ncb6 19. Nd3 Nc4 20. Rf1 a5 21. Bc1 Bf8 22. h5 g5 23. f4 gxf4 24. gxf4 axb4 25. Ndxb4 Qb6 26. Qf2 Bb7 27. f5 0-0-0 28. Kh2 Rg8 29. Bh3 Ndxe5 30. dxe5 Bc5 31. Qe2 Nxe5 32. fxe6 Kb8 33. Bf4 f6 34. Nd3 Bd6 35. Nxe5 fxe5 36. Bxe5 d4 37. e7 Rde8 38. Rf6 Bxe5+ 39. Qxe5+ Qc7 40. Qxc7+ Kxc7 41. Re1 d3 42. Nd4 d2 43. Nxb5+ Kb8 44. Rd1 Rxe7 45. Rxd2 Re1 46. Rg6 Rh1+ 47. Kg3 Rf8 48. Bg2 Rxh5 49. Rb6 Rg8+ 50. Kf4 Rh4+ 51. Ke5 Rg5+ 52. Kf6 Rf4+ 53. Ke7 Rg7+ 54. Ke6 Rg6+ 55. Ke5 Rxb6 56. Rd8+ Bc8 57. Kxf4 Rxb5 58. Bh3 Rc5 59. Rxc8+ Rxc8 60. Bxc8 Kxc8 1/2-1/2

[Event "Petroupoli Dias CM 1st"]
[Site "Petroupoli"]
[Date "2019.02.14"]
[Round "4"]
[White "Rahmanidis, Petros"]
[Black "Koutourinis, Apostolos"]
[Result "0-1"]
[WhiteElo "2095"]
[BlackElo "2106"]
[PlyCount "68"]
[EventDate "2019.01.24"]
[EventType "tourn"]
[EventRounds "9"]
[EventCountry "GRE"]
[SourceTitle "EXT 2021"]
[Source "ChessBase"]
[SourceDate "2020.10.23"]
[SourceVersion "1"]
[SourceVersionDate "2020.10.23"]
[SourceQuality "1"]

1. Nf3 c5 2. g3 g6 3. Bg2 Bg7 4. 0-0 Nf6 5. d3 0-0 6. e4 d6 7. Nbd2 Nc6 8. c3 h6 9. h3 e5 10. a3 d5 11. b4 c4 12. b5 Na5 13. Nxe5 cxd3 14. Nxd3 Nxe4 15. Nxe4 dxe4 16. Nc5 f5 17. Qc2 Qe7 18. Be3 b6 19. Nxe4 fxe4 20. Bxe4 Bf5 21. Qa2+ Be6 22. Qc2 Rac8 23. Bxg6 Rxc3 24. Qd1 Bb3 25. Qh5 Rxe3 26. fxe3 Qxe3+ 27. Kh1 Qxg3 28. Rxf8+ Kxf8 29. Qf5+ Ke7 30. Rf1 Be6 31. Qe4 Qxh3+ 32. Kg1 Qg3+ 33. Kh1 Be5 34. Qb4+ Bd6 0-1